|
|
|
|
| LEADER |
01873nam a22003137a 4500 |
| 001 |
35685 |
| 003 |
BD-DhAAL |
| 005 |
20231002135051.0 |
| 008 |
190919r20001998bg a|||| |||| 001 0 ben d |
| 020 |
|
|
|a 9848127127
|
| 040 |
|
|
|a BD-DhAAL
|
| 041 |
|
|
|a ben
|
| 082 |
|
|
|a 305.895414
|2 22
|
| 100 |
|
|
|a ওয়াইজ, জেমস.
|9 18296
|
| 245 |
|
|
|a পূর্ববঙ্গের বিভিন্ন জাতি, বর্ণ ও পেশার বিবরন,
|n ১ম ভাগ /
|c জেমস ওয়াইজ ,ফওজুল করিম (অনুবাদক); মুনতাসীর মামুন (সম্পাদক).
|
| 260 |
|
|
|a ঢাকা :
|b ইন্টারন্যাশনাল সেন্টার ফর বেঙ্গল স্টাডিজ ডানা পাবলিশার্স,
|c ১৯৯৮ [তৃতীয় মুদ্রণ ২০০০].
|
| 300 |
|
|
|a ১৫৯ পৃষ্ঠা :
|b চিত্র ;
|c ২২ সে.মি.
|
| 362 |
|
|
|a Vol. 1
|
| 500 |
|
|
|a নির্ঘণ্ট অন্তর্ভুক্ত।
|
| 526 |
|
|
|a BIED
|
| 541 |
|
|
|a Complimentary copy from BIED, Donated By Akbar Ali Khan
|e 35685, 39300
|
| 650 |
|
|
|a Ethnic Relations
|9 18297
|
| 700 |
|
|
|a করিম, ফওজুল.
|9 18298
|
| 700 |
|
|
|a মামুন, মুনতাসীর.
|9 18299
|
| 852 |
|
|
|a Ayesha Abed Library
|c BIED Collection
|
| 942 |
|
|
|2 ddc
|c BK
|
| 999 |
|
|
|c 41314
|d 41314
|
| 952 |
|
|
|0 0
|1 0
|2 ddc
|4 0
|6 305_895414000000000_WIS
|7 0
|9 66405
|a BRACUL
|b BRACUL
|c GEN
|d 2019-09-19
|e Complimentary copy from BIED
|l 3
|m 24
|o 305.895414 WIS
|p 3010035685
|r 2025-11-20
|s 2025-11-20
|t 1
|w 2019-09-19
|y BK
|x Transferred from BIED to General Stacks
|
| 952 |
|
|
|0 0
|1 0
|2 ddc
|4 0
|6 305_895414000000000_WIS
|7 1
|9 71646
|a BRACUL
|b BRACUL
|c AAKC
|d 2022-08-10
|e Donated by Akbar Ali Khan
|l 0
|o 305.895414 WIS
|p 3010039300
|r 2022-08-10
|t 2
|w 2022-08-10
|y BK
|